{"text_format":"3","workbook":"xlsx","n_sheets":1,"sheets":["t375"],"read":"whole","date_system":"1900"}

{"sheet":"t375","index":0,"n_rows":187,"n_cols":7,"rows_kept":187,"merged":[[0,0,0,6],[28,0,28,5],[42,0,42,5],[154,0,154,5]]}
["TABELA 375.1 - Estatísticas Agrícolas, Município de Novo Horizonte, Estado de São Paulo, 2016/17."]
["ITEM","UNIDADE","N.DE UPAs","MÍNIMO","MÉDIO","MÁXIMO","TOTAL"]
["Distância à sede do município","km",{"v":1331,"d":"1,331"},{"v":0,"d":"0.0"},{"v":11.83,"d":"11.8"},{"v":33,"d":"33.0"},"-"]
["Área total","hectare",{"v":1331,"d":"1,331"},0.5,{"v":58.99,"d":"59.0"},{"v":5720,"d":"5,720.0"},{"v":78510,"d":"78,510.0"}]
["Área com cultura perene","hectare",333,0.5,{"v":14.45,"d":"14.5"},296.1,{"v":4810.5,"d":"4,810.5"}]
["Área com cultura temporária","hectare",921,0.2,{"v":52.81,"d":"52.8"},{"v":2739.4,"d":"2,739.4"},{"v":48642.4,"d":"48,642.4"}]
["Área com pastagem","hectare",689,0.2,{"v":16.95,"d":"17.0"},{"v":1352.1,"d":"1,352.1"},{"v":11676.1,"d":"11,676.1"}]
["Área com reflorestamento","hectare",69,0.1,{"v":3.78,"d":"3.8"},{"v":45,"d":"45.0"},260.9]
["Área com vegetação natural","hectare",540,0.1,{"v":16.84,"d":"16.8"},{"v":1000,"d":"1,000.0"},{"v":9093.9,"d":"9,093.9"}]
["Área com vegetação de brejo e várzea","hectare",648,0.1,{"v":4.86,"d":"4.9"},170.2,{"v":3149,"d":"3,149.0"}]
["Área em descanso","hectare",20,0.2,{"v":2.63,"d":"2.6"},10.8,52.6]
["Área complementar","hectare",870,0.1,{"v":0.95,"d":"1.0"},{"v":143,"d":"143.0"},824.6]
["Área das UPAs com (0, 1] ha","hectare",5,0.5,{"v":0.82,"d":"0.8"},{"v":1,"d":"1.0"},4.1]
["Área das UPAs com (1, 2] ha","hectare",11,1.2,{"v":1.66,"d":"1.7"},{"v":2,"d":"2.0"},18.3]
["Área das UPAs com (2, 5] ha","hectare",127,2.1,{"v":3.75,"d":"3.8"},{"v":5,"d":"5.0"},475.7]
["Área das UPAs com (5, 10] ha","hectare",203,5.2,{"v":7.72,"d":"7.7"},{"v":10,"d":"10.0"},{"v":1568.1,"d":"1,568.1"}]
["Área das UPAs com (10, 20] ha","hectare",325,10.1,{"v":14.68,"d":"14.7"},{"v":20,"d":"20.0"},{"v":4772.1,"d":"4,772.1"}]
["Área das UPAs com (20, 50] ha","hectare",392,20.3,{"v":31.73,"d":"31.7"},49.6,{"v":12437.3,"d":"12,437.3"}]
["Área das UPAs com (50, 100] ha","hectare",136,50.2,{"v":69.19,"d":"69.2"},98.2,{"v":9409.7,"d":"9,409.7"}]
["Área das UPAs com (100, 200] ha","hectare",71,100.5,{"v":133.34,"d":"133.3"},197.7,{"v":9467.3,"d":"9,467.3"}]
["Área das UPAs com (200, 500] ha","hectare",36,201.4,{"v":299.81,"d":"299.8"},480.1,{"v":10793.2,"d":"10,793.2"}]
["Área das UPAs com (500, 1.000] ha","hectare",20,505.7,{"v":684.82,"d":"684.8"},999.7,{"v":13696.3,"d":"13,696.3"}]
["Área das UPAs com (1.000, 2.000] ha","hectare",1,{"v":1322.8,"d":"1,322.8"},{"v":1322.8,"d":"1,322.8"},{"v":1322.8,"d":"1,322.8"},{"v":1322.8,"d":"1,322.8"}]
["Área das UPAs com (2.000, 5.000] ha","hectare",3,{"v":2673.8,"d":"2,673.8"},{"v":2941.7,"d":"2,941.7"},{"v":3333.5,"d":"3,333.5"},{"v":8825.1,"d":"8,825.1"}]
["Área das UPAs com (5.000, 10.000] ha","hectare",1,{"v":5720,"d":"5,720.0"},{"v":5720,"d":"5,720.0"},{"v":5720,"d":"5,720.0"},{"v":5720,"d":"5,720.0"}]
["Área das UPAs acima de 10.000 ha","hectare","-","-","-","-","-"]
["Fonte: Secretaria de Agricultura e Abastecimento, CDRS/IEA, Projeto LUPA."]
[]
["TABELA 375.2 - Explorações Animais, Município de Novo Horizonte, Estado de São Paulo, 2016/17."]
["ITEM","UNIDADE","N.DE UPAs","MÍNIMO","MÉDIO","MÁXIMO","TOTAL"]
["Asininos e muares","cabecas",9,{"v":1,"d":"1.0"},{"v":9.67,"d":"9.7"},{"v":30,"d":"30.0"},{"v":87,"d":"87.0"}]
["Bovinocultura de corte","cabecas",71,{"v":3,"d":"3.0"},{"v":280.94,"d":"280.9"},{"v":9500,"d":"9,500.0"},{"v":19947,"d":"19,947.0"}]
["Bovinocultura leiteira","cabecas",51,{"v":2,"d":"2.0"},{"v":15.82,"d":"15.8"},{"v":80,"d":"80.0"},{"v":807,"d":"807.0"}]
["Bovinocultura mista","cabecas",434,{"v":1,"d":"1.0"},21.6,{"v":1500,"d":"1,500.0"},{"v":9376,"d":"9,376.0"}]
["Bubalinocultura","cabecas",2,{"v":9,"d":"9.0"},9.5,{"v":10,"d":"10.0"},{"v":19,"d":"19.0"}]
["Caprinocultura","cabecas",5,{"v":10,"d":"10.0"},30.8,{"v":60,"d":"60.0"},{"v":154,"d":"154.0"}]
["Equinocultura","cabecas",347,{"v":1,"d":"1.0"},{"v":3.36,"d":"3.4"},{"v":140,"d":"140.0"},{"v":1167,"d":"1,167.0"}]
["Ovinocultura","cabecas",48,{"v":4,"d":"4.0"},{"v":47.46,"d":"47.5"},{"v":500,"d":"500.0"},{"v":2278,"d":"2,278.0"}]
["Piscicultura","m2 tanques",2,{"v":2,"d":"2.0"},{"v":2251,"d":"2,251.0"},{"v":4500,"d":"4,500.0"},{"v":4502,"d":"4,502.0"}]
["Suinocultura","cabecas",113,{"v":2,"d":"2.0"},{"v":13.81,"d":"13.8"},{"v":80,"d":"80.0"},{"v":1561,"d":"1,561.0"}]
["Fonte: Secretaria de Agricultura e Abastecimento, CDRS/IEA, Projeto LUPA."]
[]
["TABELA 375.3 -  Máquinas, Implementos e Benfeitorias, Município de Novo Horizonte, Estado de São Paulo, 2016/17."]
["ITEM","UNIDADE","N.DE UPAs","MÍNIMO","MÉDIO","MÁXIMO","TOTAL"]
["Arado comum (bacia, aiveca)","unidade",274,{"v":1,"d":"1.0"},{"v":1.39,"d":"1.4"},{"v":20,"d":"20.0"},{"v":382,"d":"382.0"}]
["Arado escarificador","unidade",104,{"v":1,"d":"1.0"},{"v":1.46,"d":"1.5"},{"v":10,"d":"10.0"},{"v":152,"d":"152.0"}]
["Arado subsolador","unidade",39,{"v":1,"d":"1.0"},{"v":1.46,"d":"1.5"},{"v":9,"d":"9.0"},{"v":57,"d":"57.0"}]
["Batedeira de cereais","unidade",2,{"v":1,"d":"1.0"},{"v":2,"d":"2.0"},{"v":3,"d":"3.0"},{"v":4,"d":"4.0"}]
["Camara fria","unidade",2,{"v":1,"d":"1.0"},{"v":1,"d":"1.0"},{"v":1,"d":"1.0"},{"v":2,"d":"2.0"}]
["Carregadeira de cana","unidade",16,{"v":1,"d":"1.0"},{"v":6.19,"d":"6.2"},{"v":50,"d":"50.0"},{"v":99,"d":"99.0"}]
["Carreta de trator","unidade",238,{"v":1,"d":"1.0"},{"v":1.36,"d":"1.4"},{"v":20,"d":"20.0"},{"v":323,"d":"323.0"}]
["Colhedeira acoplada","unidade",1,{"v":1,"d":"1.0"},{"v":1,"d":"1.0"},{"v":1,"d":"1.0"},{"v":1,"d":"1.0"}]
["Computador","unidade",1,{"v":1,"d":"1.0"},{"v":1,"d":"1.0"},{"v":1,"d":"1.0"},{"v":1,"d":"1.0"}]
["Conj.irrigacao convencional","unidade",2,{"v":1,"d":"1.0"},{"v":2,"d":"2.0"},{"v":3,"d":"3.0"},{"v":4,"d":"4.0"}]
["Conj.irrigacao pivot central","unidade",1,{"v":3,"d":"3.0"},{"v":3,"d":"3.0"},{"v":3,"d":"3.0"},{"v":3,"d":"3.0"}]
["Conj.irrigacao/gotejamento/microaspersao","unidade",1,{"v":1,"d":"1.0"},{"v":1,"d":"1.0"},{"v":1,"d":"1.0"},{"v":1,"d":"1.0"}]
["Conjunto de fenacao","unidade",1,{"v":2,"d":"2.0"},{"v":2,"d":"2.0"},{"v":2,"d":"2.0"},{"v":2,"d":"2.0"}]
["Desintegrador de palha (plantio direto)","unidade",3,{"v":1,"d":"1.0"},{"v":1.67,"d":"1.7"},{"v":2,"d":"2.0"},{"v":5,"d":"5.0"}]
["Desintegrador, picador, triturador","unidade",179,{"v":1,"d":"1.0"},{"v":1.02,"d":"1.0"},{"v":3,"d":"3.0"},{"v":183,"d":"183.0"}]
["Distribuidor de calcario","unidade",33,{"v":1,"d":"1.0"},{"v":1.06,"d":"1.1"},{"v":2,"d":"2.0"},{"v":35,"d":"35.0"}]
["Embarcação","unidade",1,{"v":10,"d":"10.0"},{"v":10,"d":"10.0"},{"v":10,"d":"10.0"},{"v":10,"d":"10.0"}]
["Ensiladeira","unidade",5,{"v":1,"d":"1.0"},1.4,{"v":2,"d":"2.0"},{"v":7,"d":"7.0"}]
["Grade aradora (tipo romi)","unidade",151,{"v":1,"d":"1.0"},1.3,{"v":9,"d":"9.0"},{"v":196,"d":"196.0"}]
["Grade niveladora","unidade",187,{"v":1,"d":"1.0"},{"v":1.34,"d":"1.3"},{"v":10,"d":"10.0"},{"v":251,"d":"251.0"}]
["Misturador de racao","unidade",6,{"v":1,"d":"1.0"},{"v":1,"d":"1.0"},{"v":1,"d":"1.0"},{"v":6,"d":"6.0"}]
["Mmicrotrator","unidade",4,{"v":1,"d":"1.0"},{"v":1,"d":"1.0"},{"v":1,"d":"1.0"},{"v":4,"d":"4.0"}]
["Ordenhadeira mecanica","unidade",5,{"v":1,"d":"1.0"},{"v":1,"d":"1.0"},{"v":1,"d":"1.0"},{"v":5,"d":"5.0"}]
["Pulverizador tratorizado","unidade",224,{"v":1,"d":"1.0"},1.2,{"v":10,"d":"10.0"},{"v":269,"d":"269.0"}]
["Resfriador de leite, tanque expansao","unidade",2,{"v":1,"d":"1.0"},{"v":1,"d":"1.0"},{"v":1,"d":"1.0"},{"v":2,"d":"2.0"}]
["Roçadeira costal","unidade",3,{"v":1,"d":"1.0"},{"v":1.67,"d":"1.7"},{"v":3,"d":"3.0"},{"v":5,"d":"5.0"}]
["Roçadeira tratorizada","unidade",118,{"v":1,"d":"1.0"},{"v":1.14,"d":"1.1"},{"v":10,"d":"10.0"},{"v":134,"d":"134.0"}]
["Roçadora","unidade",55,{"v":1,"d":"1.0"},{"v":1.15,"d":"1.2"},{"v":6,"d":"6.0"},{"v":63,"d":"63.0"}]
["Semeadeira/adubadeira para plantio convencional","unidade",4,{"v":1,"d":"1.0"},{"v":3.25,"d":"3.3"},{"v":9,"d":"9.0"},{"v":13,"d":"13.0"}]
["Semeadeira/plantadeira plantio direto","unidade",19,{"v":1,"d":"1.0"},{"v":1.68,"d":"1.7"},{"v":10,"d":"10.0"},{"v":32,"d":"32.0"}]
["Terraceador","unidade",9,{"v":1,"d":"1.0"},{"v":2.11,"d":"2.1"},{"v":8,"d":"8.0"},{"v":19,"d":"19.0"}]
["Trator de esteiras","unidade",5,{"v":1,"d":"1.0"},4.2,{"v":10,"d":"10.0"},{"v":21,"d":"21.0"}]
["Trator de pneus  acima de 85 cv","unidade",58,{"v":1,"d":"1.0"},{"v":2.19,"d":"2.2"},{"v":30,"d":"30.0"},{"v":127,"d":"127.0"}]
["Trator de pneus até 65 cv","unidade",195,{"v":1,"d":"1.0"},{"v":1.54,"d":"1.5"},{"v":34,"d":"34.0"},{"v":301,"d":"301.0"}]
["Trator de pneus de 66 cv a 85 cv","unidade",136,{"v":1,"d":"1.0"},{"v":1.68,"d":"1.7"},{"v":50,"d":"50.0"},{"v":228,"d":"228.0"}]
["Acude/represa","unidade",415,{"v":1,"d":"1.0"},{"v":1.36,"d":"1.4"},{"v":12,"d":"12.0"},{"v":563,"d":"563.0"}]
["Adega cantina","unidade",1,{"v":2,"d":"2.0"},{"v":2,"d":"2.0"},{"v":2,"d":"2.0"},{"v":2,"d":"2.0"}]
["Almoxarifado/oficina","unidade",5,{"v":1,"d":"1.0"},1.2,{"v":2,"d":"2.0"},{"v":6,"d":"6.0"}]
["Armazem para graos ensacados","sacas",1]
["Balanca para bovinos","unidade",2,{"v":1,"d":"1.0"},{"v":1,"d":"1.0"},{"v":1,"d":"1.0"},{"v":2,"d":"2.0"}]
["Balanca para veiculos","unidade",5,{"v":1,"d":"1.0"},1.6,{"v":2,"d":"2.0"},{"v":8,"d":"8.0"}]
["Barracao para granja/avicultura","unidade",10,{"v":1,"d":"1.0"},2.3,{"v":6,"d":"6.0"},{"v":23,"d":"23.0"}]
["Barracao/galpao/garagem","unidade",549,{"v":1,"d":"1.0"},{"v":1.32,"d":"1.3"},{"v":20,"d":"20.0"},{"v":723,"d":"723.0"}]
["Casa de moradia habitada","unidade",561,{"v":1,"d":"1.0"},{"v":1.59,"d":"1.6"},{"v":45,"d":"45.0"},{"v":891,"d":"891.0"}]
["Casa de moradia total","unidade",539,{"v":1,"d":"1.0"},{"v":1.56,"d":"1.6"},{"v":50,"d":"50.0"},{"v":839,"d":"839.0"}]
["Curral/mangueira","unidade",638,{"v":1,"d":"1.0"},{"v":1.03,"d":"1.0"},{"v":9,"d":"9.0"},{"v":656,"d":"656.0"}]
["Deposito/tulha","unidade",456,{"v":1,"d":"1.0"},{"v":1.09,"d":"1.1"},{"v":11,"d":"11.0"},{"v":497,"d":"497.0"}]
["Estabulo","unidade",5,{"v":1,"d":"1.0"},{"v":2,"d":"2.0"},{"v":5,"d":"5.0"},{"v":10,"d":"10.0"}]
["Estufa/plasticultura","m2",2]
["Fabrica de racao","unidade",1,{"v":1,"d":"1.0"},{"v":1,"d":"1.0"},{"v":1,"d":"1.0"},{"v":1,"d":"1.0"}]
["Instalacoes para equinos","unidade",4,{"v":1,"d":"1.0"},{"v":8.75,"d":"8.8"},{"v":12,"d":"12.0"},{"v":35,"d":"35.0"}]
["Pocilga","unidade",1,{"v":2,"d":"2.0"},{"v":2,"d":"2.0"},{"v":2,"d":"2.0"},{"v":2,"d":"2.0"}]
["Poco semi-artesiano","unidade",282,{"v":1,"d":"1.0"},{"v":1.03,"d":"1.0"},{"v":3,"d":"3.0"},{"v":291,"d":"291.0"}]
["Silo para silagem","ton",1]
["Terreiro","m2",71]
["Usina de acucar/destilaria","unidade",3,{"v":1,"d":"1.0"},{"v":1,"d":"1.0"},{"v":1,"d":"1.0"},{"v":3,"d":"3.0"}]
["Fonte: Secretaria de Agricultura e Abastecimento, CDRS/IEA, Projeto LUPA."]
[]
["TABELA 375.4 - Outras Estatísticas Agrícolas, Município de Novo Horizonte, Estado de São Paulo, 2016/17."]
["ITEM","Número de UPAs",null,"Percentual"]
["Faz Parte de Associação de Produtores",348,null,{"v":26.145755071374907,"d":"26.1"}]
["Faz Parte de Cooperativa de Produtores",787,null,{"v":59.128474830954175,"d":"59.1"}]
["Faz Parte do Sindicato de Produtores",154,null,{"v":11.570247933884296,"d":"11.6"}]
["Não utiliza assistência técnica ",47,null,{"v":3.5311795642374153,"d":"3.5"}]
["Utiliza somente assistência técnica governamental ",288,null,{"v":21.63786626596544,"d":"21.6"}]
["Utiliza somente assistência técnica privada ",17,null,{"v":1.2772351615326822,"d":"1.3"}]
["Utiliza assistência técnica tanto governamental quanto privada",979,null,{"v":73.55371900826447,"d":"73.6"}]
["Utiliza Crédito Rural",77,null,{"v":5.785123966942149,"d":"5.8"}]
["Utiliza Seguro Rural",44,null,{"v":3.3057851239669422,"d":"3.3"}]
["Utiliza Escrituração Agrícola",179,null,{"v":13.448534936138241,"d":"13.4"}]
["Acessa Internet p/ Fins na Agropecuária",58,null,{"v":4.357625845229151,"d":"4.4"}]
["Utiliza Computador nas Atividades Agropecuárias",60,null,{"v":4.5078888054094675,"d":"4.5"}]
["Utiliza Energia Elétrica Para Uso na Atividade Agrícola",896,null,{"v":67.31780616078136,"d":"67.3"}]
["Utiliza Energia Alternativa",6,null,{"v":0.4507888805409466,"d":"0.5"}]
["Realiza Análise de Solo, quando necessário",{"v":1234,"d":"1,234"},null,{"v":92.7122464312547,"d":"92.7"}]
["Realiza Calagem",{"v":1183,"d":"1,183"},null,{"v":88.88054094665665,"d":"88.9"}]
["Utiliza Práticas de Conservação de Solo, quando necessário",{"v":1267,"d":"1,267"},null,{"v":95.1915852742299,"d":"95.2"}]
["Faz Adubação Mineral, quando necessário",959,null,{"v":72.0510894064613,"d":"72.1"}]
["Faz Adubação Orgânica, quando necessário",{"v":1034,"d":"1,034"},null,{"v":77.68595041322314,"d":"77.7"}]
["Faz Adubação Verde, quando necessário",857,null,{"v":64.38767843726521,"d":"64.4"}]
["Utiliza Manejo Integrado de Pragas (MIP)",28,null,{"v":2.103681442524418,"d":"2.1"}]
["Utiliza Hidroponia",3,null,{"v":0.2253944402704733,"d":"0.2"}]
["Utiliza Cultivo em Estufa",7,null,{"v":0.5259203606311045,"d":"0.5"}]
["Utiliza Mudas Fiscalizadas",493,null,{"v":37.03981968444778,"d":"37.0"}]
["Utiliza Semente Melhorada",39,null,{"v":2.9301277235161534,"d":"2.9"}]
["Faz Confinamento de Bovinos",6,null,{"v":0.4507888805409466,"d":"0.5"}]
["Utiliza Pastejo Intensivo",120,null,{"v":9.015777610818933,"d":"9.0"}]
["Faz Inseminação Artificial",6,null,{"v":0.4507888805409466,"d":"0.5"}]
["Faz Mineralização do Rebanho",530,null,{"v":39.81968444778362,"d":"39.8"}]
["Faz Vermifugação do Rebanho",526,null,{"v":39.51915852742299,"d":"39.5"}]
["Possui Parceiros /Arrendatários na Exploração Animal",151,null,{"v":11.344853493613824,"d":"11.3"}]
["Existência de trabalhadores c/ deficiência na UPA",5,null,{"v":0.3756574004507889,"d":"0.4"}]
["Esporte e lazer","-",null,"-"]
["Extração mineral","-",null,"-"]
["Hotel Fazenda, Pousada ou SPA",1,null,{"v":0.07513148009015777,"d":"0.1"}]
["Pesque-pague",1,null,{"v":0.07513148009015777,"d":"0.1"}]
["Restaurante ou Lanchonete",1,null,{"v":0.07513148009015777,"d":"0.1"}]
["Transformação artesanal","-",null,"-"]
["Turismo rural ou ecoturismo","-",null,"-"]
["Outras atividades econômicas rurais","-",null,"-"]
["Agroindústria","-",null,"-"]
["Proprietário sem instrução ou com instrução incompleta",61,null,{"v":4.583020285499625,"d":"4.6"}]
["Proprietário com antigo primário completo",282,null,{"v":21.18707738542449,"d":"21.2"}]
["Proprietário com 1° grau (ou antigo ginasial) completo",330,null,{"v":24.793388429752063,"d":"24.8"}]
["Proprietário com 2° grau (ou antigo colegial) completo",336,null,{"v":25.24417731029301,"d":"25.2"}]
["Proprietário com curso superior completo ",250,null,{"v":18.782870022539445,"d":"18.8"}]
["Pessoa Jurídica",72,null,{"v":5.409466566491361,"d":"5.4"}]
["Proprietário residente na própria UPA ",33,null,{"v":2.479338842975207,"d":"2.5"}]
["Fonte: Secretaria de Agricultura e Abastecimento, CDRS/IEA, Projeto LUPA."]
[]
["TABELA 375.5 - Área Cultivada, Município de Novo Horizonte, Estado de São Paulo, 2016/17."]
["CULTURA","N.DE UPAs","MÍNIMO","MÉDIO","MÁXIMO","TOTAL"]
["Cana-de-acucar finalidade industria",873,0.4,{"v":55.49,"d":"55.5"},{"v":2977.4,"d":"2,977.4"},{"v":48438.9,"d":"48,438.9"}]
["Braquiaria",516,0.3,{"v":20.08,"d":"20.1"},{"v":1189.3,"d":"1,189.3"},{"v":10362.2,"d":"10,362.2"}]
["Laranja Industria",76,0.1,{"v":24.07,"d":"24.1"},252.8,{"v":1829.5,"d":"1,829.5"}]
["Limao",203,0.1,{"v":7.04,"d":"7.0"},84.1,{"v":1429.8,"d":"1,429.8"}]
["Gramas",253,0.2,{"v":5.19,"d":"5.2"},352.1,{"v":1313.9,"d":"1,313.9"}]
["Seringueira",74,{"v":1,"d":"1.0"},{"v":14.01,"d":"14.0"},152.2,{"v":1037.1,"d":"1,037.1"}]
["Amendoim",15,3.3,{"v":21.45,"d":"21.5"},114.1,321.7]
["Milho safra",46,1.2,{"v":6.23,"d":"6.2"},48.4,286.6]
["Eucalipto",68,0.1,3.8,{"v":45,"d":"45.0"},258.5]
["Pupunha",7,{"v":1,"d":"1.0"},{"v":36.23,"d":"36.2"},{"v":238,"d":"238.0"},253.6]
["Banana",21,1.5,{"v":8.62,"d":"8.6"},{"v":30,"d":"30.0"},181.1]
["Cafe",9,0.3,{"v":3.34,"d":"3.3"},{"v":11,"d":"11.0"},30.1]
["Laranja Mercado",1,{"v":16,"d":"16.0"},{"v":16,"d":"16.0"},{"v":16,"d":"16.0"},{"v":16,"d":"16.0"}]
["Feijao",1,13.3,13.3,13.3,13.3]
["Coco-da-baia",2,2.4,6.2,{"v":10,"d":"10.0"},12.4]
["Batata-doce",1,11.5,11.5,11.5,11.5]
["Tangerina",5,0.1,{"v":1.86,"d":"1.9"},3.5,9.3]
["Palmito",3,1.5,{"v":3.03,"d":"3.0"},{"v":4,"d":"4.0"},9.1]
["Horta domestica",6,0.5,{"v":1.43,"d":"1.4"},{"v":2,"d":"2.0"},8.6]
["Manga",5,0.4,{"v":1.52,"d":"1.5"},{"v":3,"d":"3.0"},7.6]
["Abacaxi (ou ananas)",3,{"v":1,"d":"1.0"},{"v":2.07,"d":"2.1"},3.2,6.2]
["Quiabo",1,{"v":4,"d":"4.0"},{"v":4,"d":"4.0"},{"v":4,"d":"4.0"},{"v":4,"d":"4.0"}]
["Cana-de-acucar outras finalidades",2,0.2,1.3,2.4,2.6]
["Abobora (ou jerimum)",1,2.4,2.4,2.4,2.4]
["Pepino",1,2.4,2.4,2.4,2.4]
["Teca",1,2.4,2.4,2.4,2.4]
["Goiaba",2,0.1,1.1,2.1,2.2]
["Anona (fruta-do-conde, ou pinha, ou atemoia)",1,1.3,1.3,1.3,1.3]
["Caqui",1,0.4,0.4,0.4,0.4]
["Jabuticaba",1,0.1,0.1,0.1,0.1]
["Fonte: Secretaria de Agricultura e Abastecimento, CDRS/IEA, Projeto LUPA."]